Kế toán tài chính nâng cao : Hạch toán hợp nhất doanh nghiệp

Gespeichert in:
Bibliographische Detailangaben
1. Verfasser: Nguyễn, Phú Giang
Format: Buch
Sprache:Undetermined
Veröffentlicht: Hà Nội Chính trị Quốc gia 2003
Schlagworte:
Tags: Tag hinzufügen
Keine Tags, Fügen Sie den ersten Tag hinzu!
Thư viện lưu trữ: Trung tâm Học liệu Trường Đại học Cần Thơ
LEADER 00620nam a2200205Ia 4500
001 CTU_55535
008 210402s9999 xx 000 0 und d
020 |b 16000 
020 |c 18000 
082 |a 657.42 
082 |b Gi106 
100 |a Nguyễn, Phú Giang 
245 0 |a Kế toán tài chính nâng cao : 
245 0 |b Hạch toán hợp nhất doanh nghiệp 
245 0 |c Nguyễn Phú Giang 
260 |a Hà Nội 
260 |b Chính trị Quốc gia 
260 |c 2003 
650 |a Cost accounting,Managerial accounting 
980 |a Trung tâm Học liệu Trường Đại học Cần Thơ